The man who was Thursday : (Record no. 85611)
[ view plain ]
| 000 -LEADER | |
|---|---|
| fixed length control field | 00714cam8a220020500 4500 |
| 001 - CONTROL NUMBER | |
| control field | qce02502734 |
| 005 - DATE AND TIME OF LATEST TRANSACTION | |
| control field | 20190816100547.0 |
| 008 - FIXED-LENGTH DATA ELEMENTS--GENERAL INFORMATION | |
| fixed length control field | 840521s1947 enk 000 1 eng d |
| 035 ## - SYSTEM CONTROL NUMBER | |
| System control number | (Sirsi) r125546 |
| 035 ## - SYSTEM CONTROL NUMBER | |
| System control number | (QCAT)lss04105882 |
| 035 ## - SYSTEM CONTROL NUMBER | |
| System control number | (UPRA)qce02502734 |
| 040 ## - CATALOGING SOURCE | |
| Modifying agency | UPRA |
| 100 1# - MAIN ENTRY--PERSONAL NAME | |
| Personal name | Chesterton, G. K. (Gilbert Keith), 1874-1936. |
| Fuller form of name | Chesterton, G. K. (Gilbert Keith), 1874-1936. |
| Dates associated with a name | Chesterton, G. K. (Gilbert Keith), 1874-1936. |
| Linkage | A44621.1 |
| 245 14 - TITLE STATEMENT | |
| Title | The man who was Thursday : |
| Remainder of title | a nightmare / |
| Statement of responsibility, etc. | G.K. Chesterton. |
| 250 ## - EDITION STATEMENT | |
| Edition statement | 5th ed. |
| 260 ## - PUBLICATION, DISTRIBUTION, ETC. | |
| Place of publication, distribution, etc. | Bristol [England] : |
| Name of publisher, distributor, etc. | Arrowsmith, |
| Date of publication, distribution, etc. | 1947. |
| 500 ## - GENERAL NOTE | |
| General note | Dust jacket. |
| 949 ## - LOCAL PROCESSING INFORMATION (OCLC) | |
| a | PR4453.C4 |
| w | lcc |
| i | -180244 |
| m | MAIN |
| t | BOOK |
| l | ON-SHELF |
No items available.